गजल....दुष्यंत के बाद ( भाग -2) (Record no. 113078)

MARC details
000 -LEADER
fixed length control field 00554nam a2200169Ia 4500
008 - FIXED-LENGTH DATA ELEMENTS--GENERAL INFORMATION
fixed length control field 090124s9999 xx 000 0 und d
020 ## - INTERNATIONAL STANDARD BOOK NUMBER
International Standard Book Number 81-88717-31-2
082 ## - DEWEY DECIMAL CLASSIFICATION NUMBER
Item number 46851
245 ## - TITLE STATEMENT
Title गजल....दुष्यंत के बाद ( भाग -2)
250 ## - EDITION STATEMENT
Edition statement 1
260 ## - PUBLICATION, DISTRIBUTION, ETC. (IMPRINT)
Date of publication, distribution, etc 2006
300 ## - PHYSICAL DESCRIPTION
Extent 496
630 ## - SUBJECT ADDED ENTRY--UNIFORM TITLE
Uniform title गजल....दुष्यंत के बाद ( भाग -2)
700 ## - ADDED ENTRY--PERSONAL NAME
Personal name दीक्षित दनकौरी
730 ## - ADDED ENTRY--UNIFORM TITLE
Uniform title गजल....दुष्यंत के बाद ( भाग -2)
942 ## - ADDED ENTRY ELEMENTS (KOHA)
Koha item type Book
Holdings
Withdrawn status Lost status Damaged status Not for loan Home library Current library Date acquired Cost, normal purchase price Total Checkouts Full call number Barcode Date last seen Cost, replacement price Price effective from Koha item type
        Nagar Wachan Mandir, Thane Nagar Wachan Mandir, Thane   495.00   46851 THNNWM-46851 01/24/2009 495.00 01/24/2009 Book